000
00327nam a2200145Ia 4500
008
230523s9999 xx 000 0 und d
100
_a
Pillai, K.N.C.
245
0
_a
R.V. Kelkar's Criminal Procedure. Ed.7
250
_a
7
260
_a
Lucknow
260
_b
Eastern Book Co.
260
_c
2021
300
_a
944
942
_c
TB
999
_c
1006
_d
1006